| 000 | 01113cam a22003374a 4500 | ||
|---|---|---|---|
| 001 | 15866339 | ||
| 005 | 20180823085906.0 | ||
| 008 | 090812s2011 maua b 001 0 eng | ||
| 010 | _a 2009033284 | ||
| 015 |
_aGBB031692 _2bnb |
||
| 016 | 7 |
_a101513047 _2DNLM |
|
| 016 | 7 |
_a015495350 _2Uk |
|
| 020 | _a9780135102466 (pbk.) | ||
| 020 | _a0135102464 | ||
| 035 | _a(OCoLC)ocn430443042 | ||
| 040 |
_aDNLM/DLC _cDLC _dNLM _dYDXCP _dC#P _dBWX _dCDX _dUKM _dDLC |
||
| 041 | _aeng | ||
| 042 | _apcc | ||
| 060 | 0 | 0 | _a2010 D-433 |
| 060 | 1 | 0 |
_aWB 890 _bF678c 2011 |
| 080 | _a615.5 | ||
| 082 | 0 | 0 |
_a615.5 _222 |
| 100 | 1 | _a3 | |
| 101 | _aNUR | ||
| 245 | 1 | 0 |
_aComplementary & alternative therapies for nursing practice / _cKaren Lee Fontaine. |
| 246 | 3 | _aComplementary and alternative therapies for nursing practice | |
| 504 | _aIncludes bibliographical references and index. | ||
| 906 |
_a7 _bcbc _corignew _d1 _eecip _f20 _gy-gencatlg |
||
| 942 |
_2ddc _cBK |
||
| 999 |
_c47293 _d47293 |
||